000 00862nam a2200241Ia 4500
005 20241009135047.0
008 210716s2004 xx 000 0 und d
020 _a9788129705826
040 _cAIMIT LIBRARY
041 _aeng
082 _a005.73
_22
_bMAIM
100 _aMain, Michael.
_944236
245 _aData structures and other objects using c++ /
_cby Michael Main and Walter Savitch.
250 _a2nd ed.
260 _aNew Delhi :
_bPearson Education ,
_c2004 .
300 _axxxi, 783p. ;
_c24 cm.
_bPB
650 _aSoftware development with templates iterators and the standard library
_944237
650 _aPointers and dynamic arrays
_944238
650 _aPointers and dynamic arrays
_9181874
650 _aSoftware development with templates literators
_9181875
700 _aSavitch, Walter.
_944239
942 _2ddc
_cBK
_e2nd
_k005.73 MAIM
999 _c186772
_d186772